000 006250000a22002290004500
003 LK-CoMWRAF
005 20231113131204.0
008 230817t2001 ||||| |||| 00| 0 eng d
020 _a8186962301
040 _aLK-CoMWRAF
_dLK-CoMWRAF
_eLK-CoMWRAF
041 _aeng
082 _a303.625
_bVOI
245 _aVoices of Sanity:
_breaching out for peace
260 _aNew Delhi:
_bLokayan,
_c2001
300 _a175 p. : ill. ; 23 cm.
650 _aTERRORISM
650 _aIndia -- Politics and government
700 _aBhasin, Kamla
_eed.
700 _aKothari, Smitu
_eed.
700 _aThapar, Bindia
_eed.
942 _cBK
999 _c386
_d386